000 01763nam2a22002531 4500
001 rc\711625
005 20250621231921.0
010 _a5-85165-309-4
_9120
035 _a(NLR Aleph) 005973037
090 _a6953664
_c6953664
100 _a20031121d1996 |||y0rusy50 ca
101 0 _arus
102 _aRU
105 _aa |||||||||
200 1 _aИсследования тяжелых аварий на энергетических реакторах
210 _d1996
_aБ. м.
215 _a37 с.
_cил.
320 _aБиблиогр.: с. 33-37
461 0 _1001rc\568
_12001#$aАварии с тяжелым повреждением активной зоны водоохлаждаемых реакторов. Методы и результаты исследований$eОбзор по отеч. и зарубеж. источникам 1982-1994 гг.$fМ-во Рос. Федерации по атом. энергии, Гос. науч. центр Рос. Федерации "НИИ атом. реакторов"$g[Алексеев А.В., Махин В.М.$gНауч. ред. к. ф.-м. н. А.В. Клинов]$vЧ. 1
_96194066
_cДимитровград
_d1996
_fМ-во Рос. Федерации по атом. энергии, Гос. науч. центр Рос. Федерации "НИИ атом. реакторов"
_nГНЦ РФ НИИАР
_oОбзор по отеч. и зарубеж. источникам 1982-1994 гг.
_tАварии с тяжелым повреждением активной зоны водоохлаждаемых реакторов. Методы и результаты исследований
_vЧ. 1
801 0 _aRU
_bNLR
_gpsbo
801 1 _aRU
_bELAR
_2rusmarc
852 _aNLR
_j97-4/2351
942 _cBOOK
980 _aNB